Hệ thống văn bản pháp luật mới về quản lý tài chính hành chính sự nghiệp
v.v...
Đã lưu trong:
| Tác giả chính: | |
|---|---|
| Định dạng: | Sách |
| Năm xuất bản: |
H.
Lao động - Xã hội
2005
|
| Chủ đề: | |
| Tags: |
Thêm thẻ
Không có thẻ, Hãy là người đầu tiên gắn thẻ bản ghi này!
|
| LEADER | 00910nam a2200205 4500 | ||
|---|---|---|---|
| 999 | |c 11120 |d 11120 | ||
| 082 | |a 343.597034 |b H250th. | ||
| 100 | |a Nxb Lao động - Xã hội | ||
| 245 | |a Hệ thống văn bản pháp luật mới về quản lý tài chính hành chính sự nghiệp |c Nxb Lao động - Xã hội | ||
| 260 | |a H. |b Lao động - Xã hội |c 2005 | ||
| 300 | |a 1663 tr. |c 27 cm. | ||
| 520 | |a v.v... | ||
| 653 | |a Pháp luật | ||
| 653 | |a Tài chính | ||
| 653 | |a Hành chính sự nghiệp | ||
| 653 | |a Quản lý | ||
| 653 | |a Văn bản pháp luật | ||
| 942 | |2 ddc |c STK0 | ||
| 952 | |0 0 |1 0 |2 ddc |4 0 |6 343_597034000000000_H250TH |7 0 |8 300 |9 95716 |a qbu |b qbu |c D2 |d 2015-09-29 |g 390000 |o 343.597034 H250th. |p 10814.c1 |r 0000-00-00 |w 2015-09-29 |y STK0 | ||
| 952 | |0 0 |1 0 |2 ddc |4 0 |6 343_597034000000000_H250TH |7 0 |8 300 |9 95717 |a qbu |b qbu |c D2 |d 2015-09-29 |g 390000 |o 343.597034 H250th. |p 10814.c2 |r 0000-00-00 |w 2015-09-29 |y STK0 | ||